Աշտանակ : (Record no. 5000)
[ view plain ]
| 000 -LEADER | |
|---|---|
| fixed length control field | 01614nam a2200313 a 4500 |
| 001 - CONTROL NUMBER | |
| control field | 000017075 |
| 003 - CONTROL NUMBER IDENTIFIER | |
| control field | AM-YEHGA |
| 005 - DATE AND TIME OF LATEST TRANSACTION | |
| control field | 20250618070745.0 |
| 008 - FIXED-LENGTH DATA ELEMENTS--GENERAL INFORMATION | |
| fixed length control field | 990621s1995 ai |||||||||||||||||arm d |
| 020 ## - INTERNATIONAL STANDARD BOOK NUMBER | |
| International Standard Book Number | 5550011832 (Գ. 3) |
| 020 ## - INTERNATIONAL STANDARD BOOK NUMBER | |
| International Standard Book Number | 978-5-550-01634-3 (Դ) |
| 040 ## - CATALOGING SOURCE | |
| Original cataloging agency | AM-YeHGA |
| 041 0# - LANGUAGE CODE | |
| Language code of text/sound track or separate title | arm |
| 090 ## - LOCALLY ASSIGNED LC-TYPE CALL NUMBER (OCLC); LOCAL CALL NUMBER (RLIN) | |
| -- | 5039 |
| 245 00 - TITLE STATEMENT | |
| Title | Աշտանակ : |
| Remainder of title | (Հայագիտական պարբերագիրք) / |
| Statement of responsibility, etc. | Խմբ.՝ Ա. Մարտիրոսյան ; Սահակ-Մաշտոց թարգմանչաց միություն. |
| 246 15 - VARYING FORM OF TITLE | |
| Title proper/short title | Аштанак : |
| Remainder of title | (Арменоведческое периодическое издание) |
| 260 ## - PUBLICATION, DISTRIBUTION, ETC. | |
| Place of publication, distribution, etc. | Երևան : |
| Name of publisher, distributor, etc. | Հայաստան, |
| Date of publication, distribution, etc. | 1995. |
| 300 ## - PHYSICAL DESCRIPTION | |
| Extent | գիրք |
| 500 ## - GENERAL NOTE | |
| General note | Տպագրվում է նախագահ Ռոբերտ Քոչարյանի հովանավորությամբ |
| 505 00 - FORMATTED CONTENTS NOTE | |
| Miscellaneous information | Գիրք Ա (1995, 166 էջ) |
| -- | Գիրք Բ (1998, 182 էջ) |
| -- | Գիրք Գ.3 (2000, 186 էջ) |
| -- | Գիրք Դ (2011, 174 էջ) |
| Statement of responsibility | Գլխ. խմբ.՝ Մ.Է.Շիրինյան |
| 650 14 - SUBJECT ADDED ENTRY--TOPICAL TERM | |
| Topical term or geographic name entry element | Հայաստանի պատմություն |
| 650 14 - SUBJECT ADDED ENTRY--TOPICAL TERM | |
| Topical term or geographic name entry element | Հայագիտություն |
| 9 (RLIN) | 4600 |
| 650 14 - SUBJECT ADDED ENTRY--TOPICAL TERM | |
| Topical term or geographic name entry element | Կրոն |
| General subdivision | Դավանաբանություն |
| 700 1# - ADDED ENTRY--PERSONAL NAME | |
| Personal name | Մարտիրոսյան, Արտաշես Ազատի, |
| Dates associated with a name | 1930-1998 |
| Relator term | խմբ. |
| Relationship | edt |
| 9 (RLIN) | 3966 |
| 700 1# - ADDED ENTRY--PERSONAL NAME | |
| Personal name | Շիրինյան Մ.Է. |
| Relator term | գլխ. խմբ. |
| Relationship | edt |
| 710 2# - ADDED ENTRY--CORPORATE NAME | |
| Corporate name or jurisdiction name as entry element | Սահակ-Մաշտոց թարգմանչաց ասոցիացիա |
| 710 2# - ADDED ENTRY--CORPORATE NAME | |
| Corporate name or jurisdiction name as entry element | ՀՀ կառավարությանը առընթեր Մաշտոցի անվան մատենադարանի հին մատենագիտության ուսումնասիրման բաժին |
| 942 ## - ADDED ENTRY ELEMENTS (KOHA) | |
| Koha item type | Գրքեր / Books |
| Withdrawn status | Lost status | Source of classification or shelving scheme | Damaged status | Not for loan | Home library | Current library | Date acquired | Serial enumeration / chronology | Total checkouts | Full call number | Barcode | Date last seen | Price effective from | Koha item type | Public note |
|---|---|---|---|---|---|---|---|---|---|---|---|---|---|---|---|
| Universal Decimal Classification | Fundamental Scientific Library | Fundamental Scientific Library | 21/12/2016 | Գ. 1 | Nalb/562 | FL0276496 | 21/12/2016 | 21/12/2016 | Գրքեր / Books | ILL Non-Circ. |
ՀՀ Գիտությունների ազգային ակադեմիայի հիմնարար գիտական գրադարան = Fundamental Scientific Library of NAS RA
All site content, except where otherwise noted, is licensed under a